| 000 | 01277nam0a22003131 4500 | ||
|---|---|---|---|
| 001 | rc\2325447 | ||
| 005 | 20110829144713.1 | ||
| 035 | _a(NLR Aleph) 006580887 | ||
| 090 |
_a7044411 _c7044411 |
||
| 100 | _a20110829d1977 |||y0rusy50 ca | ||
| 101 | 0 | _arus | |
| 102 | _aRU | ||
| 105 | _aa z ||||| | ||
| 200 | 1 |
_aРадиационная терапия _e(По зарубеж. материалам) _fГос. ком. Совета Министров СССР по делам изобрет. и открытий. ЦНИИ патинформ. и техн.-экон. исслед. |
|
| 210 |
_aМосква _cБ. и. _d1977 |
||
| 215 |
_a24 с. _cил. _d20 |
||
| 225 | 1 |
_aОбзорная информация _iВажнейшие изобретения года _iСерия "Человек и окружающая среда" |
|
| 300 | _aСост. указаны на 2-й с. обл. | ||
| 320 | _aБиблиогр.: с. 21 | ||
| 333 | _aДСП | ||
| 700 | 1 |
_aМишкинис _bБ. Я. _gБорис Янович |
|
| 701 | 1 |
_aКононов _bК. Н. _gКирилл Николаевич |
|
| 801 | 0 |
_aRU _bNLR _gpsbo |
|
| 801 | 1 |
_aRU _bELAR _2rusmarc |
|
| 852 |
_aNLR _j77-50К/5553 |
||
| 899 |
_aRuMoRGB _jДСП/ |
||
| 899 |
_aRuMoRGB _j23 77/1713 |
||
| 942 | _cBOOK | ||
| 980 | _aNB | ||